| 000 | 00758nam a22002411 4500 | ||
|---|---|---|---|
| 001 | 11474 | ||
| 003 | BD-RjUL | ||
| 005 | 20211208235131.0 | ||
| 008 | 140126s1962 maua 000 0 eng d | ||
| 035 | _a(BD-RjUL)11523 | ||
| 040 |
_aDLC/ICU _cICU _dDLC _d(BD-RjUL) _beng |
||
| 041 | _aeng | ||
| 082 | 0 | 0 |
_a550 _bVES |
| 100 | 1 |
_aVerrill, A. Hyatt _q(Alpheus Hyatt), _d1871-1954. _935463 |
|
| 245 | 1 | 4 |
_aThe strange story of our earth / _cIllustrated by the author and from paintings by Charles R. Knight; with an introd. by L. Don Leet. |
| 260 |
_aNew York : _bL.C. Page , _c1962 |
||
| 300 |
_a157 p. : _billus. ; _c16cm. |
||
| 650 | 0 |
_aGeology. _935464 |
|
| 650 | 0 |
_aPaleontology. _935465 |
|
| 942 |
_2ddc _cBK |
||
| 999 |
_c11474 _d11474 |
||